¿Quién custodia a los custodios? democracia y uso de la fuerza en América Latina /
En este análisis sobre la democracia y el uso de la fuerza en América Latina, se examina la compleja dinámica entre las fuerzas militares y la autoridad civil en la región. El libro aborda cuestiones relacionadas con el control civil de las fuerzas armadas, la seguridad interna y la necesidad de gar...
Sparad:
| Huvudupphovsman: | |
|---|---|
| Materialtyp: | Bok |
| Språk: | Spanish |
| Ämnen: | |
| Länkar: | texto completo desde el sitio de la revista |
| Taggar: |
Lägg till en tagg
Inga taggar, Lägg till första taggen!
|
MARC
| LEADER | 00000nam a22000007a 4500 | ||
|---|---|---|---|
| 003 | cru CIDCACS/IIS | ||
| 005 | 20230918092113.0 | ||
| 007 | ta | ||
| 008 | 190918s2018 ag |||p|r||||||0| ||spa|d | ||
| 040 | |c cru CIDCACS/IIS | ||
| 100 | 1 | |a Diamint, Rut |9 8530 | |
| 245 | 1 | 1 | |a ¿Quién custodia a los custodios? |b democracia y uso de la fuerza en América Latina / |c Rut Diamint |
| 300 | |a páginas 24-35 | ||
| 520 | |a En este análisis sobre la democracia y el uso de la fuerza en América Latina, se examina la compleja dinámica entre las fuerzas militares y la autoridad civil en la región. El libro aborda cuestiones relacionadas con el control civil de las fuerzas armadas, la seguridad interna y la necesidad de garantizar la transparencia y la rendición de cuentas en el ejercicio de la fuerza. Además, se analiza cómo las democracias de América Latina han enfrentado el desafío de controlar a los militares y asegurar que sus acciones sirvan a los intereses de la sociedad civil. RAR 09/2023 | ||
| 650 | 0 | |2 OCDE |9 83 |a DEMOCRACIA | |
| 650 | 0 | |2 OCDE |9 70 |a FUERZAS ARMADAS | |
| 650 | 0 | |2 OCDE |9 5212 |a SEGURIDAD NACIONAL | |
| 650 | 0 | |2 OCDE |9 4430 |a AUTORITARISMO | |
| 650 | 0 | |2 UNESCO |9 419 |a CONTROL SOCIAL | |
| 651 | 0 | |2 OCDE |9 17 |a AMERICA LATINA | |
| 773 | 0 | |0 19022 |9 2891 |a Fundación Friedrich Ebert |d Fundación Friedrich Ebert; Nueva Sociedad |o 17009 |t Nueva Sociedad / | |
| 856 | |u https://www.nuso.org/media/articles/downloads/1.TC_Diamint_278.pdf |y texto completo desde el sitio de la revista | ||
| 942 | |2 ddc |c PP | ||
| 999 | |c 42356 |d 42356 | ||
